| 000 | 00973nam a2200229 a 4500 | ||
|---|---|---|---|
| 005 | 20210219160045.0 | ||
| 008 | 080624s1986 mx r 000 0 spa d | ||
| 035 | _aUPN01000157504 | ||
| 049 | _aUNE | ||
| 080 | _a371.13 (72) ALV. | ||
| 100 | 1 | _aAlvarez, Blanca Margarita | |
| 245 | 1 | 0 |
_aComunicación y metodología activa de la enseñanza (una Aproximación práctica a la enseñanza activa) ; Manual del conductor / _cBlanca Margarita Alvarez. |
| 260 |
_aMéxico : _bSEP : _aILCE ; Washington : _bOEA, _c1986. |
||
| 300 |
_a151 p. : _bfot. |
||
| 500 | _aTítulo de la cubierta: Actualización al Magisterio. Proyecto Multinacional de Tecnología Educativa. | ||
| 690 | _aFormacion de maestros de primaria | ||
| 690 | _aCapacitacion del personal de educacion | ||
| 710 | 1 |
_aMéxico. _bSecretaría de Educación Pública |
|
| 710 | 2 | _aInstituto Latinoamericano de la Comunicación Educativa | |
| 710 | 2 | _aOrganización de los Estados Americanos | |
| 905 | _aUNESCO | ||
| 999 |
_c129618 _d129618 |
||